Classement perpétuel de Ligue 2 - Statistiques

Statistiques générales
  • Ce quiz a été pris 849 fois
    668 depuis la dernière actualisation
  • Le résultat moyen est 39 sur 56
Statistiques - réponses
Rang Réponse Points Saisons % Correct
15 AJ Auxerre 500 10
92%
10 FC Metz 576 9
92%
43 Red Star FC 130 3
92%
26 Paris FC 373 7
90%
13 RC Lens 508 9
89%
51 FC Girondins de Bordeaux 69 1
87%
1 AC Le Havre 921 17
86%
32 RC Strasbourg Alsace 244 4
86%
4 Stade Brestois 29 675 12
86%
40 Toulouse FC 149 2
86%
28 FC Lorient 292 5
85%
2 Clermont Foot 63 819 16
84%
17 Angers SCO 487 9
83%
55 CA Bastia 24 1
83%
29 FC Nantes 282 5
83%
25 SC Bastia 426 8
83%
5 AC Ajaccio 669 13
82%
6 ESTAC Troyes 668 11
82%
20 Stade de Reims 474 9
82%
35 GFC Ajaccio 224 5
81%
31 Montpellier Hérault SC 266 5
81%
12 SM Caen 517 9
81%
22 AS Nancy-Lorraine 452 9
80%
19 Amiens SC 477 10
79%
23 FC Sochaux-Montbéliard 439 9
78%
3 Dijon FCO 714 13
77%
11 Nîmes Olympique 545 11
77%
8 EA Guingamp 613 12
76%
16 Grenoble Foot 38 496 10
76%
44 AS Monaco 128 2
75%
42 Pau FC 140 3
74%
46 Quevilly Rouen Métropole 123 3
73%
21 Valenciennes FC 471 10
73%
33 Le Mans FC 241 5
70%
50 USL Dunkerque 72 2
70%
18 Stade Lavallois 485 11
69%
47 Thonon Évian Grand Genève FC 106 2
66%
39 Rodez AF 161 4
65%
53 FC Annecy 45 1
64%
37 US Orléans 195 5
62%
24 CS Sedan-Ardennes 435 8
61%
14 Tours FC 502 11
61%
7 LB Châteauroux 662 15
59%
9 Chamois Niortais FC 595 14
58%
36 US Boulogne 197 4
56%
34 Athlétic Club Arlésien 230 5
52%
27 Istres Football Club 305 7
48%
52 AS Saint-Étienne 53 1
47%
54 AS Béziers 38 1
35%
41 Vannes OC 141 3
35%
45 Football Bourg-en-Bresse Péronnas 127 3
34%
56 FC Sète 34 23 1
33%
30 US Créteil-Lusitanos 269 6
32%
38 FC Gueugnon 171 4
29%
49 FC Chambly Oise 73 2
27%
48 FC Libourne 76 2
16%
Aucun quiz correspondant
Distribution des résultats
% des personnes avec chaque résultat
Percentile par nombre de réponses
Votre historique - résultats
Vous n’avez pas pris ce quiz depuis la dernière actualisation